000 00668nam a2200253Ia 4500
003 OSt
005 20220924114456.0
006 a|||||r|||| 00| 0
007 ta
008 220923b |||||||| |||| 00| 0 ara d
024 _a341739
037 _cTextual
040 _aARTS
_cARTS
_bara
041 _2ara
_aara
082 _aQ5v, 28L5.1
100 _aTaeema Sabir Au.
_9173778
245 0 _aAl-tarikh al-yahudi al-a'am
260 _aBeirut
_bDar-al-jail Lebanon
_c1975
490 _vVol.1
650 _a RELIGION
650 _aJUDAISM
_9173779
942 _hQ5v, 28L5.1
_cTEXL
_2CC
999 _c393758
_d393758